Central Library OPAC University of Rajshahi
Normal view MARC view

Entry Personal Name

Number of records used in: 2

001 - CONTROL NUMBER

  • control field: 2640

003 - CONTROL NUMBER IDENTIFIER

  • control field: BD-RjUL

005 - DATE AND TIME OF LATEST TRANSACTION

  • control field: 20220421124406.0

008 - FIXED-LENGTH DATA ELEMENTS

  • fixed length control field: 220421|| aca||aabn | a|a d

040 ## - CATALOGING SOURCE

  • Original cataloging agency: BD-RjUL
  • Transcribing agency: BD-RjUL

100 ## - HEADING--PERSONAL NAME

  • Geographic subdivision:

670 ## - SOURCE DATA FOUND

  • Source citation: Work cat.: (BD-RjUL)79521: Mazid, Md. Abdul 1766, An Exploratory study of Islami bank Bangladesh Ltd. : , 2002